Normal view MARC view

Entry Nombre personal

Number of records used in: 1

001 - NÚMERO DE CONTROL

  • campo de control: 150946

003 - IDENTIFICADOR DE NÚMERO DE CONTROL

  • campo de control: SpMaBN

005 - FECHA Y HORA DE LA ÚLTIMA TRANSACCIÓN

  • campo de control: 20250901040201.0

008 - ELEMENTOS DE DATO DE LONGITUD-FIJA

  • campo de control de longitud fija: 091120n|#azznnaabn |n aaa ##

024 7# - IDENTIFICADOR DE OTROS ESTÁNDARES

  • Número estándar o código: https://isni.org/isni/0000000072444824
  • Fuente: isni

024 7# - IDENTIFICADOR DE OTROS ESTÁNDARES

  • Número estándar o código: http://viaf.org/viaf/69338024/
  • Fuente: viaf

040 ## - FUENTE DE CATALOGACIÓN

  • Centro catalogador/agencia de origen: SpMaBN
  • Lengua de catalogación: spa
  • Centro/agencia transcriptor: SpMaBN
  • Normas de descripción: rdc
  • Convención/Normas de encabezamiento de materia/tesauro: embne

046 ## - FECHAS CON CODIFICACIÓN ESPECIAL

  • Fecha de la muerte: 1576

100 1# - ENCABEZAMIENTO-NOMBRE DE PERSONA

  • Nombre de persona: Dubois, Jean,
  • Fechas asociadas al nombre: -1576

400 1# - TRAZADO DE VÉASE--NOMBRE DE PERSONA

  • Nombre de persona: Sylvius, Johannes,
  • Fechas asociadas al nombre: -1576

670 ## - FUENTE DE DATOS ENCONTRADOS

  • Cita de la fuente: De morbi articularii curatione tractatus quatuo
  • Información encontrada: port. (Ioanne Syluio Insulensi, medicinam Valentianis facienti, auctore ; eiusdem De morbo gallico declamatio Louanij in disputationibus solennibus [sic] habita ...)

670 ## - FUENTE DE DATOS ENCONTRADOS

  • Cita de la fuente: CERL Thesaurus
  • Información encontrada: cnp00340797